书目信息 |
| 题名: |
传感器原理及应用
|
|
| 作者: | 王化祥 , 张淑英 编著 | |
| 分册: | ||
| 出版信息: | 天津 天津大学出版社 2014 |
|
| 页数: | 346页 | |
| 开本: | 26cm | |
| 丛书名: | ||
| 单 册: | ||
| 中图分类: | TP212 | |
| 科图分类: | ||
| 主题词: | 自动化元件 , 自动化器件 | |
| 电子资源: | ||
| ISBN: | 978-7-5618-5182-1 | |
| 000 | 00707nam0 2200229 450 | |
| 001 | 142636 | |
| 005 | 20141223142502.87 | |
| 010 | @a978-7-5618-5182-1@dCNY 39.00 | |
| 100 | @a20141223d2014 km y0chiy0120 ea | |
| 101 | 0 | @achi |
| 102 | @aCN@b120000 | |
| 200 | 1 | @a传感器原理及应用@Achuan gan qi yuan li ji ying yong@f王化祥,张淑英编著@Fwang hua xiang,zhang shu ying bian zhu |
| 205 | @a4版 | |
| 210 | @a天津@c天津大学出版社@d2014 | |
| 215 | @a346页@d26cm | |
| 606 | 0 | @a自动化元件 |
| 606 | 0 | @a自动化器件 |
| 690 | @aTP212@v4 | |
| 701 | 0 | @a王化祥@Awang hua xiang@4编著 |
| 701 | 0 | @a张淑英@Azhang shu ying@4编著 |
| 801 | 0 | @aCN@b大连网信软件有限公司图书馆·11@c20141223 |
| 905 | @a241430@dTP212@eW2101=4 | |
| 传感器原理及应用/王化祥,张淑英编著.-4版.-天津:天津大学出版社,2014 |
| 346页;26cm |
| ISBN 978-7-5618-5182-1:CNY 39.00 |
| ● |
| 相关链接 |
|
|
|
正题名:传感器原理及应用
索取号:TP212/W2101=4
 
预约/预借
| 序号 | 登录号 | 条形码 | 馆藏地/架位号 | 状态 | 备注 |
| 1 | 1135455 | 211354559 | 自科库301/301自科库 70排2列4层/ [索取号:TP212/W2101=4] | 在馆 | |
| 2 | 1135456 | 211354568 | 自科库301/301自科库 70排2列4层/ [索取号:TP212/W2101=4] | 在馆 | |
| 3 | 1135457 | 211354577 | 自科二线404/404自科库 9排2列5层/ [索取号:TP212/W2101=4] | 在馆 |